| 000 | 00775nam a22002177a 4500 | ||
|---|---|---|---|
| 005 | 20260212130505.0 | ||
| 010 | _aENG-147815 | ||
| 020 |
_a9789391766320 _c695.00 |
||
| 035 | _aEN-131347 | ||
| 037 | _bDBAD | ||
| 082 |
_a371 _21 |
||
| 100 |
_aGahalawat, Preeti _987348 |
||
| 245 |
_aAyurpathgamini by GCM: _bA Compilation Book for NT.E.T./ _cPreeti Gahalawat; Manpreet Gahalawat [and] Krishan Gahalawat |
||
| 250 | _a1 | ||
| 260 |
_aNew Delhi _bAtharv Publications _c2025 |
||
| 270 |
_bNew Delhi _a110, Ist Floor, Gali No. 4, Harphool Vihar, Bapraula _e110043 _matharvpublications@gmail.com |
||
| 300 |
_a272p. _c22cm(hb) |
||
| 700 |
_aGahalawat, Manpreet _eAuthor _987346 |
||
| 700 |
_aGahalawat, Krishan _eAuthor _987347 |
||
| 942 |
_2ddc _cEN _h371 _mGAH |
||
| 999 |
_c214842 _d214842 |
||